书目信息 |
| 题名: |
劳动价值论
|
|
| 作者: | 钱津 著 | |
| 分册: | ||
| 出版信息: | 北京 社会科学文献出版社 2001.07 |
|
| 页数: | 412页 | |
| 开本: | 20cm | |
| 丛书名: | ||
| 单 册: | ||
| 中图分类: | F031.3 | |
| 科图分类: | ||
| 主题词: | 价值论--研究 | |
| 电子资源: | ||
| ISBN: | 7-80149-540-3 | |
| 000 | 00808nam0 2200241 450 | |
| 001 | 0120043131 | |
| 005 | 20050901202119.62 | |
| 010 | @a7-80149-540-3@dCNY25.00 | |
| 100 | @a20030625d2001 em y0chiy0121 ea | |
| 101 | 0 | @achi |
| 102 | @aCN@b110000 | |
| 105 | @aa a 000yy | |
| 200 | 1 | @a劳动价值论@ALao Dong Jia Zhi Lun@f钱津著@Fqian jin zhu |
| 205 | @a第2版 | |
| 210 | @a北京@c社会科学文献出版社@d2001.07 | |
| 215 | @a412页@c图@d20cm | |
| 320 | @a有书目。 | |
| 330 | @a本书讲述了:推动社会进步的,从根本上说,不是人与人的斗争,而是人与自然的对抗,即人在自然之中的抗争,人与自然之间顽强地、不 地交流。本书的劳动价值论研究也是在这一原理的基础上展开的。 | |
| 606 | 0 | @a价值论@x研究 |
| 690 | @aF031.3@v4 | |
| 701 | 0 | @a钱津@Aqian jin@4著 |
| 801 | 0 | @aCN@bQSSK@c20050901 |
| 905 | @a10447@dF031.3@eQ205 | |
| 劳动价值论/钱津著.-第2版.-北京:社会科学文献出版社,2001.07 |
| 412页:图;20cm |
| ISBN 7-80149-540-3:CNY25.00 |
| 本书讲述了:推动社会进步的,从根本上说,不是人与人的斗争,而是人与自然的对抗,即人在自然之中的抗争,人与自然之间顽强地、不 地交流。本书的劳动价值论研究也是在这一原理的基础上展开的。 |
| ● |
| 相关链接 |
|
|
|
正题名:劳动价值论
索取号:F031.3/Q205
 
预约/预借
| 序号 | 登录号 | 条形码 | 馆藏地/架位号 | 状态 | 备注 |
| 1 | 567586 | 205675866 | 社科库409/409社科库 63排4列1层/ [索取号:F031.3/Q205] | 在馆 | |
| 2 | 567587 | 205675875 | 社科库409/409社科库 63排4列1层/ [索取号:F031.3/Q205] | 在馆 | |
| 3 | 567588 | 205675884 | 社科库409/409社科库 63排4列1层/ [索取号:F031.3/Q205] | 在馆 |